Whose city? : (Record no. 28286)

MARC details
000 -LEADER
fixed length control field 01188nam a22003375i 4500
001 - CONTROL NUMBER
control field BDR3000BB
003 - CONTROL NUMBER IDENTIFIER
control field EG-ScBUE
005 - DATE AND TIME OF LATEST TRANSACTION
control field 20200308132350.0
008 - FIXED-LENGTH DATA ELEMENTS--GENERAL INFORMATION
fixed length control field 760719s1975 enkab f b 00010 eng d
020 ## - INTERNATIONAL STANDARD BOOK NUMBER
International Standard Book Number 0140806342
035 ## - SYSTEM CONTROL NUMBER
System control number (InU)BDR3000BB
035 ## - SYSTEM CONTROL NUMBER
System control number (OCoLC)ocm02319174
040 ## - CATALOGING SOURCE
Original cataloging agency NAM
Language of cataloging eng
Description conventions rda
Transcribing agency NAM
Modifying agency IUL
-- EG-ScBUE
082 04 - DEWEY DECIMAL CLASSIFICATION NUMBER
Classification number 301.3609422
Item number PAH
Edition number 22
100 10 - MAIN ENTRY--PERSONAL NAME
Personal name Pahl, R. E.
Fuller form of name (Raymond Edward),
Dates associated with a name 1935-
Relator term author.
245 10 - TITLE STATEMENT
Title Whose city? :
Remainder of title and further essays on urban society
Statement of responsibility, etc R. E. Pahl.
264 #1 - PUBLICATION, DISTRIBUTION, ETC. (IMPRINT)
Place of publication, distribution, etc Harmondsworth, England :
Name of publisher, distributor, etc Penguin Books,
Date of publication, distribution, etc 1975.
300 ## - PHYSICAL DESCRIPTION
Extent x, 306 pages :
Other physical details illustrations, maps ;
Dimensions 18 cm.
336 ## - CONTENT TYPE
Content type term text
Content type code txt
Source rdacontent
337 ## - MEDIA TYPE
Media type term unmediated
Media type code n
Source rdamedia
338 ## - CARRIER TYPE
Carrier type term volume
Carrier type code nc
Source rdacarrier
490 0# - SERIES STATEMENT
Series statement Penguin education ;
Volume number/sequential designation X634
500 ## - GENERAL NOTE
General note An extensive revision of the author's Whose city? and other essays on sociology and planning.
504 ## - BIBLIOGRAPHY, ETC. NOTE
Bibliography, etc Includes bibliographical references.
650 #7 - SUBJECT ADDED ENTRY--TOPICAL TERM
Topical term or geographic name as entry element City planning
Geographic subdivision Great Britain.
Source of heading or term BUEsh
651 #7 - SUBJECT ADDED ENTRY--GEOGRAPHIC NAME
Geographic name Great Britain
General subdivision Social conditions
Chronological subdivision 1945-
Source of heading or term BUEsh
653 ## - INDEX TERM--UNCONTROLLED
Resource For college Generalities
Arrived date list March2020
942 ## - ADDED ENTRY ELEMENTS (KOHA)
Source of classification or shelving scheme Dewey Decimal Classification
Koha item type Book - Borrowing
998 ## - LOCAL CONTROL INFORMATION (RLIN)
Operator\'s initials, OID (RLIN) 12/15/1989
Cataloger\'s initials, CIN (RLIN) 12/15/1989
Holdings
Withdrawn status Lost status Source of classification or shelving scheme Damaged status Not for loan Collection code Home library Current library Shelving location Date acquired Source of acquisition Total Checkouts Full call number Barcode Date last seen Price effective from Koha item type
    Dewey Decimal Classification     unknown Central Library Central Library First floor 08/03/2020 Purchase   301.3609422 PAH 000048926 15/07/2025 08/03/2020 Book - Borrowing